Distribution channels understanding and managing channels to market

Gespeichert in:
Bibliographische Detailangaben
1. Verfasser: Dent, Julian
Format: Buch
Sprache:Englisch
Veröffentlicht: London Kogan Page 2008
Schlagworte:
Tags: Tag hinzufügen
Keine Tags, Fügen Sie das erste Tag hinzu!

MARC

LEADER 00000nam$a2200000$$$4500
001 0082905
005 20221207101027.1
020 |a 978-0-7494-5256-8 
041 0 |a eng 
044 |a GB 
245 1 0 |a Distribution channels  |b understanding and managing channels to market  |c Julian Dent 
264 1 |a London  |b Kogan Page  |c 2008 
300 |a 322 s. 
610 2 0 |a kanály distribučné 
610 2 0 |a obchod 
610 2 0 |a trh 
610 2 0 |a plánovanie podnikové 
610 2 0 |a modelovanie 
100 1 |a Dent, Julian